Tate McRae - Paroles Purple lace bra - Statistiques

Statistiques générales
  • Ce quiz a été pris 163 fois
    162 depuis la dernière actualisation
  • Le résultat moyen est 337 sur 390
Statistiques - réponses
Hint Réponse % Correct
hmm
99%
Couplet 1 | Couplet 2 I
99%
Uh
99%
you
98%
You
98%
bra
97%
lace
97%
purple
97%
in
95%
oh)
95%
Ooh)
95%
(Ooh)
95%
"Ah,
94%
ah"
94%
(Ah)
94%
ah"?
94%
ah
94%
my
94%
your
94%
hear
93%
Hear
93%
hear?)
93%
(Hear
93%
me
93%
me,
93%
me?
93%
if
92%
If
92%
on
91%
been
90%
here?
90%
more
90%
more?
90%
right
90%
the
90%
The
90%
touch
90%
Post-refrain | Refrain Would
90%
(Would
90%
do,
88%
head
88%
like,
88%
like
88%
like...
88%
when
87%
I'm
86%
only
86%
attention?
85%
look,
85%
look
85%
mind,
85%
mind
85%
screamin'
85%
cryin',
84%
ear?
84%
it
84%
listen
84%
whispered
84%
all
83%
and
83%
but
81%
don't
80%
got
80%
losin'
80%
see
80%
sound
80%
that
80%
that,
80%
think
80%
'Cause
79%
'cause
79%
Pré-refrain Did
79%
'est
79%
inner
79%
undressed
79%
eye
78%
singin',
78%
Yeah,
78%
Yeah
78%
(Yeah,
78%
of
77%
giving
76%
made
76%
Made
76%
time
76%
dreamin'
74%
rest,
74%
rest
74%
thoughts
73%
what
73%
question
71%
goin'
70%
want
70%
everythin'
69%
know
69%
lap
69%
none
69%
dance
67%
'til
67%
night
66%
bleedin'
65%
you're
65%
interest?
62%
listenin',
62%
depth
60%
head's
59%
throat's
58%
tell
57%
catch
56%
for
56%
off
56%
take
56%
could
55%
body
53%
let
51%
finish
50%
Now
50%
determines
49%
gon'
49%
positioning
45%
pique
41%
Feel
30%
babe)
5%
Aucun quiz correspondant
Distribution des résultats
% des personnes avec chaque résultat
Percentile par nombre de réponses
Votre historique - résultats
Vous n’avez pas pris ce quiz depuis la dernière actualisation